000 00687nam a2200289Ia 4500
005 20260324125610.0
008 008 260324s9999 xx 000 0 eng d
020 _a9781315632681
037 _aEBOOK
040 _aCRL
040 _beng
040 _cCRL
041 _2eng
041 _aeng
084 _qCRL
100 _aRaphael Sassower
_91085573
245 0 _aPostcapitalism
245 0 _bMoving Beyond Ideology in America's Economic Crisis
260 _bTaylor and Francis
260 _c2009
365 _a
365 _b350
856 _uhttp://www.taylorfrancis.com/books/9781315632681
942 _cEBOOK
999 _c1774009
_d1774009